Athribis. III, Die östlichen Zugangsräume und Seitenkapellen sowie die Treppe zum Dach und die rückwärtigen Räume des Tempels Ptolemaios XII /
La 4e de couverture indique : "Der vorliegende Band enthält die Texte und Darstellungen der östlichen Zugangsräume und der östlichen Seitenkapellen des Tempels Ptolemaios XII., darunter die des Hofes des ersten Festes, der Wabet, der Stoffkammer und der Schatzkammer. Des weiteren wird die gerad...
المؤلف الرئيسي:
التنسيق: كتاب
اللغة: German
منشور في:
Cairo :
Institut français d'archéologie orientale,
2017.
سلاسل:
Temples ;
13.
Publications de l'Institut Français d'Archéologie Orientale ;
1151.
الموضوعات:
الوسوم: إضافة وسم
رقم الطلب: DT73 .A9 2017 v3/1-2
| LEADER | 01668nam a22003017a 4500 | ||
|---|---|---|---|
| 003 | OSt | ||
| 005 | 20260428124856.0 | ||
| 008 | 130303s2017 ua a g 000 0 ger d | ||
| 020 | |a 9782724707076 | ||
| 020 | |a 2724707079 | ||
| 043 | |a f-ua--- | ||
| 050 | 1 | 4 | |a DT73 |b .A9 2017 v3/1-2 |
| 100 | 1 | |a Leitz, Christian, |c (Egyptologist), |e author. | |
| 245 | 1 | 0 | |a Athribis. III, Die östlichen Zugangsräume und Seitenkapellen sowie die Treppe zum Dach und die rückwärtigen Räume des Tempels Ptolemaios XII / |c Christian Leitz ... [and four others] |
| 264 | 1 | |a Cairo : |b Institut français d'archéologie orientale, |c 2017. | |
| 300 | |a 2 volumes (XXXVIII-500 pages, 320 pages) : |b illustrations en noir et en coul., plans, couv. illustrations en coulor ; |c 28 cm. | ||
| 336 | |a text |b txt |2 rdacontent | ||
| 337 | |a unmediated |b n |2 rdamedia | ||
| 338 | |a volume |b nc |2 rdacarrier | ||
| 490 | 1 | |a Temples ; |v 13 | |
| 490 | 1 | |a Publications de l'Institut Français d'Archéologie Orientale ; |v 1151 | |
| 520 | |a La 4e de couverture indique : "Der vorliegende Band enthält die Texte und Darstellungen der östlichen Zugangsräume und der östlichen Seitenkapellen des Tempels Ptolemaios XII., darunter die des Hofes des ersten Festes, der Wabet, der Stoffkammer und der Schatzkammer. Des weiteren wird die gerade Treppe zum Dach publiziert und die beiden erhaltenen rückwärtigen Kapellen. Alle Texte dieses Bandes waren bislang. | ||
| 650 | 0 | |a Excavations (Archaeology) |z Egypt |z Aswān. | |
| 651 | 0 | |a Thebes (Egypt : Extinct city) | |
| 830 | 0 | |a Temples ; |v 13. | |
| 830 | 0 | |a Publications de l'Institut Français d'Archéologie Orientale ; |v 1151. | |
| 942 | |c BK |2 lcc | ||
| 999 | |c 31305 |d 31305 | ||
